| Tag |
First Indicator |
Second Indicator |
Subfields |
| LEADER |
00000cam a2200000Ia 4500 |
| 001 |
in00000536749 |
| 005 |
20151013175209.0 |
| 008 |
800128m20029999mnuk b 001 0 eng d |
| 035 |
|
|
|a (OCoLC)ocm50406169
|
| 035 |
|
|
|a (OCoLC)50406169
|
| 035 |
|
|
|9 ACH5539AM
|
| 040 |
|
|
|a JHC
|c JHC
|d ONS
|d TXA
|d UtOrBLW
|
| 043 |
|
|
|a n-us---
|
| 049 |
|
|
|a TXAM
|
| 090 |
|
|
|a KF3114
|b .M55 2002
|
| 100 |
1 |
|
|a Mills, John Gladstone.
|
| 245 |
1 |
0 |
|a Patent law fundamentals /
|c by John Gladstone Mills III, Robert Clare Highley, and Donald Cress Reiley.
|
| 250 |
|
|
|a 2nd ed. [rev.].
|
| 264 |
|
1 |
|a St. Paul :
|b West Group,
|c [2002-]
|
| 264 |
|
4 |
|c ©2002-
|
| 300 |
|
|
|a 3 volumes :
|b forms ;
|c 26 cm.
|
| 336 |
|
|
|a text
|b txt
|2 rdacontent
|
| 337 |
|
|
|a unmediated
|b n
|2 rdamedia
|
| 338 |
|
|
|a volume
|b nc
|2 rdacarrier
|
| 490 |
1 |
|
|a Intellectual property
|
| 500 |
|
|
|a Previous edition has author: Peter D. Rosenberg.
|
| 500 |
|
|
|a Published: New York : C. Boardman (1980-1997).
|
| 500 |
|
|
|a Looseleaf for updating.
|
| 504 |
|
|
|a Includes bibliographical references and index.
|
| 650 |
|
0 |
|a Patent laws and legislation
|z United States.
|
| 700 |
1 |
|
|a Highley, Robert Clare.
|
| 700 |
1 |
|
|a Reiley, Donald Cress.
|
| 700 |
1 |
|
|a Rosenberg, Peter D.
|t Patent law fundamentals.
|
| 830 |
|
0 |
|a Intellectual property.
|
| 994 |
|
|
|a E0
|b TXA
|
| 948 |
|
|
|a cataloged
|b h
|c 2003/1/27
|d c
|e bhartsfi
|f 11:35:35 am
|
| 999 |
|
|
|a MARS
|
| 999 |
f |
f |
|s 075f10e3-cd3c-3538-b377-208d5eb515b7
|i 775a4a90-fa2a-3012-a263-cbcccb9e090d
|t 0
|
| 952 |
f |
f |
|p normal
|a Texas A&M University
|b College Station
|c Sterling C. Evans Library
|d Evans: Library Stacks
|t 0
|e KF3114 .M55 2002
|h Library of Congress classification
|i unmediated -- volume
|k v.4
|m A14831415544
|
| 952 |
f |
f |
|p normal
|a Texas A&M University
|b College Station
|c Sterling C. Evans Library
|d Evans: Library Stacks
|t 0
|e KF3114 .M55 2002
|h Library of Congress classification
|i unmediated -- volume
|k v.5
|m A14831415586
|
| 952 |
f |
f |
|p normal
|a Texas A&M University
|b College Station
|c Sterling C. Evans Library
|d Evans: Library Stacks
|t 0
|e KF3114 .M55 2002
|h Library of Congress classification
|i unmediated -- volume
|k v.1
|m A14829349020
|
| 952 |
f |
f |
|p normal
|a Texas A&M University
|b College Station
|c Sterling C. Evans Library
|d Evans: Library Stacks
|t 0
|e KF3114 .M55 2002
|h Library of Congress classification
|i unmediated -- volume
|k v.3
|m A14829348943
|
| 952 |
f |
f |
|p normal
|a Texas A&M University
|b College Station
|c Sterling C. Evans Library
|d Evans: Library Stacks
|t 0
|e KF3114 .M55 2002
|h Library of Congress classification
|i unmediated -- volume
|k v.2
|m A14829348985
|
| 998 |
f |
f |
|a KF3114 .M55 2002
|s rel.24-25 (2010:Feb.-May)
|t 0
|l Evans: Library Stacks
|